សិក្សាកំណត់មុខងារបច្ចេកទេស និងវិមាត្រនៃផ្នែកផ្សេងៗរបស់ម៉ាស៊ីនបោកស្រូវព្រមទាំងការកែប្រែផ្នែកខ្លះសម្រាប់ធម្ញជាតិផ្សេងៗទៀត (Record no. 4165)

000 -LEADER
fixed length control field 00752nam a22001577a 4500
003 - CONTROL NUMBER IDENTIFIER
control field OSt
005 - DATE AND TIME OF LATEST TRANSACTION
control field 20151207145847.0
008 - FIXED-LENGTH DATA ELEMENTS--GENERAL INFORMATION
fixed length control field 151207b xxu||||| |||| 00| 0 eng d
040 ## - CATALOGING SOURCE
Transcribing agency RUA
082 ## - DEWEY DECIMAL CLASSIFICATION NUMBER
Classification number ATM វ៉ាន់ 1991 B189 Or.1
100 ## - MAIN ENTRY--PERSONAL NAME
9 (RLIN) 4467
Personal name វ៉ាន់, ណារិទ្ធ
245 ## - TITLE STATEMENT
Title សិក្សាកំណត់មុខងារបច្ចេកទេស និងវិមាត្រនៃផ្នែកផ្សេងៗរបស់ម៉ាស៊ីនបោកស្រូវព្រមទាំងការកែប្រែផ្នែកខ្លះសម្រាប់ធម្ញជាតិផ្សេងៗទៀត
260 ## - PUBLICATION, DISTRIBUTION, ETC. (IMPRINT)
Place of publication, distribution, etc. Phnom Penh
Name of publisher, distributor, etc. RUA
Date of publication, distribution, etc. 1991
300 ## - PHYSICAL DESCRIPTION
Extent 49p.
Other physical details ill.
Dimensions 29cm.
942 ## - ADDED ENTRY ELEMENTS (KOHA)
Source of classification or shelving scheme
Koha item type ATM
Holdings
Price effective from Date last seen Permanent Location Not for loan Date acquired Source of classification or shelving scheme Koha item type Barcode Lost status Damaged status Withdrawn status Current Location Full call number
2015-12-072015-12-07Library Block B 2015-12-07 ATMRUA043019   Library Block BATM វ៉ាន់ 1991 B189 Or.1
2015-12-072015-12-07Library Block B 2015-12-07 ATMRUA043602   Library Block BATM វ៉ាន់ 1991 B189 Or.2
2015-12-072015-12-07Library Block B 2015-12-07 ATMRUA043079   Library Block BATM វ៉ាន់ 1991 B189 Or.3
2015-12-072015-12-07Library Block B 2015-12-07 ATMRUA042867   Library Block BATM វ៉ាន់ 1991 B189 Or.4
2015-12-072015-12-07Library Block B 2015-12-07 ATMRUA043056   Library Block BATM វ៉ាន់ 1991 B189 Or.5
2015-12-072015-12-07Library Block B 2015-12-07 ATMRUA44121   Library Block BATM វ៉ាន់ 1991 B189 Or.6
2015-12-072015-12-07Library Block B 2015-12-07 ATMRUA042524   Library Block BATM វ៉ាន់ 1991 B189 Or.7
មជ្ឈមណ្ឌលឯការនៃសាកលវិទ្យាល័យភូមិន្ទកសិកម្មចំការដូង

Powered by Koha